| 000 | 00521nam a22001937a 4500 | ||
|---|---|---|---|
| 003 | OSt | ||
| 005 | 20230405104245.0 | ||
| 008 | 180320b xxu||||| |||| 00| 0 eng d | ||
| 020 | _a1473774919 | ||
| 040 | _cKABU | ||
| 050 |
_aBF 637 _b.E33 2021 |
||
| 100 | _aEgan, Gerald | ||
| 245 |
_aThe Skilled Helper : _ba client - centred approach/ _cGerald Egan |
||
| 260 |
_aAustralia _bCengage Learning _c2021 |
||
| 300 | _axv, 395p. | ||
| 650 | _aCounselling phychology | ||
| 650 | _aHelping behavior | ||
| 942 |
_2lcc _cBK |
||
| 999 |
_c20109 _d20108 |
||